| 000 | 01494nam a2200241Ia 4500 | ||
|---|---|---|---|
| 003 | Ost | ||
| 005 | 20260507075356.0 | ||
| 008 | 260507s9999||||xx |||||||||||||| ||und|| | ||
| 020 | _a1461119957 | ||
| 040 | _cfsecg | ||
| 041 | _aara | ||
| 082 | _a330 | ||
| 100 |
_aالرجبي، محمد تيسير عبد الحكيم _eمؤلف |
||
| 245 | 0 |
_aمبادئ محاسبة التكاليف / _c محمد تيسير عبد الحكيم الرجبي |
|
| 250 | _aطبعة 3 | ||
| 260 |
_aعمان: _bدار وائل للنشر والتوزيع, _c2004 |
||
| 300 |
_a477 صفحة؛ _bإيضاحات ؛ _c25 سم |
||
| 504 | _aالمراجع ص.473 | ||
| 520 | _aالتعريف بمحاسبة التكاليف وأهميتها- طبيعة وتصنيفات التكاليف- محاسبة المراحل الإنتاجية- التالف والفاقد والوحدات المعيبة والخردة- التكاليف الصناعية غير المباشرة- تكاليف المنتجات الرئيسية والمنتجات الفرعية- طرق تحميل التكاليف الكلية والمتغيرة- التكاليف المعيارية للمواد والاجور والاعباء الإضافية- التكاليف المعيارية والدورة المحاسبية-مواضع خاصة في تحليل انحرافات التكاليف- تحليل انحرافات الإيرادات | ||
| 653 | _aالمحاسبة | ||
| 653 | _aمحاسبة التكاليف | ||
| 942 | _cكتاب | ||
| 999 |
_c44224 _d44224 |
||